Eczacıbaşı Dynavit Women's Volleyball Team Roster 2024/2025 Season - Statistics

General Stats
  • This quiz has been taken 14 times
  • The average score is 11 of 15
Answer Stats
No. Nation Position Player % Correct
3 Serbia OP Tijana Bošković
92%
7 Turkey OH Hande Baladın
83%
9 Canada OH Alexa Gray
75%
16 Italy OP Anna Nicoletti
75%
4 Turkey MB Beyza Arıcı
75%
14 United States MB Dana Rettke
75%
12 Turkey S Elif Şahin
75%
(-) Turkey Head Coach Ferhat Akbaş
75%
22 United States OH Kathryn Boden
75%
2 Turkey L Simge Şebnem Aköz
75%
8 Turkey,Trinidad and Tobago MB Sinead Jack-Kısal
75%
15 Serbia MB Jovana Stevanović
67%
11 Turkey S Naz Aydemir Akyol
67%
10 Turkey OH Yaprak Erkek
67%
1 Turkey L Tuna Aybüke Özel
42%
No matching quizzes found
Score Distribution
Percent of People with Each Score
Percentile by Number Answered
Your Score History
You have not taken this quiz